Hỏi đáp nghi lễ, phong tục dân gian /
Uloženo v:
| Médium: | Sách giấy |
|---|---|
| Jazyk: | Vietnamese |
| Vydáno: |
H. :
Văn hoá dân tộc,
2002
|
| Vydání: | Tái bản lần thứ nhất, có bổ sung |
| Tagy: |
Přidat tag
Žádné tagy, Buďte první, kdo otaguje tento záznam!
|
| Thư viện lưu trữ: | Thư viện Trường Đại học Đà Lạt |
|---|
| LEADER | 00749nam a2200277 4500 | ||
|---|---|---|---|
| 001 | DLU030023726 | ||
| 003 | ##DLU | ||
| 005 | ##20021230 | ||
| 008 | ##021230t vn z000 vie d | ||
| 040 | # | # | |a DLU |b vie |
| 041 | # | # | |a vie |
| 044 | # | # | |a vn |
| 082 | # | # | |a 390.095 1 |b Hoi |
| 245 | # | # | |a Hỏi đáp nghi lễ, phong tục dân gian / |c Đoàn Ngọc Minh, Trần Trúc Anh biên dịch và tuyển chọn |
| 250 | # | # | |a Tái bản lần thứ nhất, có bổ sung |
| 260 | # | # | |a H. : |b Văn hoá dân tộc, |c 2002 |
| 300 | # | # | |a 431 tr. ; |c 21 cm |
| 992 | # | # | |a 50000 |
| 994 | # | # | |a DLU |
| 900 | # | # | |a True |
| 911 | # | # | |a Phan Ngọc Đông |
| 925 | # | # | |a G |
| 926 | # | # | |a A |
| 927 | # | # | |a SH |
| 980 | # | # | |a Thư viện Trường Đại học Đà Lạt |